| 000 | 00390cam a2200157ua 4500 | ||
|---|---|---|---|
| 003 | OSt | ||
| 005 | 20260213112622.0 | ||
| 008 | 260213b |||||||| |||| 00| 0 eng d | ||
| 020 | _a81-7336-278-5 | ||
| 082 |
_a627.8 _bCBI/CO |
||
| 245 | 0 | 0 | _aConcrete Dams / |
| 260 |
_aNew Delhi : _bC B Of Irrigation and power , _c1998. |
||
| 300 | _a537 ; . | ||
| 490 | 0 | _aPublication No.266, | |
| 942 | _cBK | ||
| 999 |
_c816 _d816 |
||